Availability of electronic records management guidance for PKI digital signature authenticated and secured transaction records.

Bibliographic Details
Format: Government Document eBook
Language:English
Published: [Washington, D.C.] : U.S. National Archives and Records Administration, 2005.
Series:NARA bulletin ; no. 2005-04.
Subjects:
Online Access:https://purl.fdlp.gov/GPO/gpo55119

MARC

Tag First Indicator Second Indicator Subfields
LEADER 00000cam a2200000 i 4500
001 in00003501021
005 20211120172859.0
006 m o d f
007 cr bn|||||||||
008 150206s2005 dcu o f000 0 eng c
035 |a (OCoLC)ocn902873190 
040 |a GPO  |b eng  |e rda  |e pn  |c GPO  |d MvI  |d UtOrBLW 
042 |a pcc 
043 |a n-us--- 
049 |a WWW 
074 |a 0569-C-03 (online) 
086 0 |a AE 1.103:2005-04 
245 0 0 |a Availability of electronic records management guidance for PKI digital signature authenticated and secured transaction records. 
246 3 |a Availability of electronic records management guidance for Public Key Infrastructure digital signature authenticated and secured transaction records. requirement for transferring permanent records to the National Archives of the United States directly from agencies 
264 1 |a [Washington, D.C.] :  |b U.S. National Archives and Records Administration,  |c 2005. 
300 |a 1 online resource (2 pages) 
336 |a text  |b txt  |2 rdacontent 
337 |a computer  |b c  |2 rdamedia 
338 |a online resource  |b cr  |2 rdacarrier 
490 1 |a NARA bulletin ;  |v 2005-04 
500 |a Title from title screen (viewed on Feb. 6, 2015). 
500 |a "March 28, 2005." 
500 |a "EXPIRATION DATE: March 31, 2008 (per NARA Bulletin 2007-01)." 
650 0 |a Electronic records  |z United States  |x Management. 
650 0 |a Public records  |z United States  |x Management. 
650 0 |a Data protection  |z United States  |x Management. 
710 1 |a United States.  |b National Archives and Records Administration,  |e issuing body. 
830 0 |a NARA bulletin ;  |v no. 2005-04. 
856 4 0 |u https://purl.fdlp.gov/GPO/gpo55119  |t 0 
999 |a MARS 
999 f f |s e15bd34b-7469-3b94-9876-914e4acc1b40  |i 6ed451a7-bb51-3b5c-afe1-f0260682b818  |t 0 
952 f f |a Texas A&M University  |b College Station  |c Electronic Resources  |d Available Online  |t 0  |e AE 1.103:2005-04  |h Superintendent of Documents classification 
998 f f |a AE 1.103:2005-04  |t 0  |l Available Online